Dictionary of modern english usage (Record no. 28988)
[ view plain ]
| 000 -LEADER | |
|---|---|
| fixed length control field | 00523nam a22001817a 4500 |
| 008 - FIXED-LENGTH DATA ELEMENTS--GENERAL INFORMATION | |
| fixed length control field | 230511b |||||||| |||| 00| 0 eng d |
| 040 ## - CATALOGING SOURCE | |
| Original cataloging agency | National Science Library |
| Transcribing agency | National Science Library |
| 080 ## - UNIVERSAL DECIMAL CLASSIFICATION NUMBER | |
| Universal Decimal Classification number | R 030.8=20 |
| Item number | K5 |
| 100 ## - MAIN ENTRY--PERSONAL NAME | |
| Personal name | Fowler, H W |
| 9 (RLIN) | 8691 |
| 245 ## - TITLE STATEMENT | |
| Title | Dictionary of modern english usage |
| 250 ## - EDITION STATEMENT | |
| Edition statement | 2nd ed. |
| 260 ## - PUBLICATION, DISTRIBUTION, ETC. | |
| Place of publication, distribution, etc. | Oxford: |
| Name of publisher, distributor, etc. | The Clarendon Press, |
| Date of publication, distribution, etc. | 1965 |
| 300 ## - PHYSICAL DESCRIPTION | |
| Extent | x, 725p. |
| 650 ## - SUBJECT ADDED ENTRY--TOPICAL TERM | |
| Topical term or geographic name entry element | English language |
| 653 ## - INDEX TERM--UNCONTROLLED | |
| Uncontrolled term | English language-Errors of usage |
| 653 ## - INDEX TERM--UNCONTROLLED | |
| Uncontrolled term | Idioms |
| 942 ## - ADDED ENTRY ELEMENTS (KOHA) | |
| Source of classification or shelving scheme | Universal Decimal Classification |
| Koha item type | Books |
| Withdrawn status | Lost status | Source of classification or shelving scheme | Damaged status | Not for loan | Home library | Current library | Shelving location | Date acquired | Total Checkouts | Full call number | Barcode | Date last seen | Price effective from | Koha item type |
|---|---|---|---|---|---|---|---|---|---|---|---|---|---|---|
| Universal Decimal Classification | National Science Library | National Science Library | GF/Rk-7/C-1/R-5 | 11/06/2004 | R 030.8=20 K5 | 182471 | 11/05/2023 | 11/06/2004 | Books | |||||
| Universal Decimal Classification | National Science Library | National Science Library | GF/Rk-7/C-1/R-5 | 11/06/2004 | R 030.8=20 K5 | 182456 | 11/05/2023 | 11/06/2004 | Books | |||||
| Universal Decimal Classification | National Science Library | National Science Library | GF/Rk-7/C-1/R-5 | 11/06/2004 | R 030.8=20 K5 | 182282 | 11/05/2023 | 11/06/2004 | Books |